000 00881nac a22002897a 4500
001 BR8501550
003 BR-BrBNA
005 20240105120253.0
008 230509b bl.|||m| |||| 00| 0 por d
040 _aBR-BrBNA
_bpor
_cBiblioteca Nacional de Agricultura
072 _aE70
090 _a0336 BR8501550
110 1 _aCompanhia Brasileira de Armazenamento, Brasilia, DF (Brasil)
_92307
245 1 _aRelatorio estatistico das exportacoes de soja, milho, farelos, oleos, 1984
260 3 _aBrasilia, DF (Brasil):
_c1985.
300 _a133 p.
490 _aRelatorio - Companhia Brasileira de Armazenamento (Brazil)
_v
_x
650 _aEXPORTACAO
650 _aSOJA
650 _aMILHO
650 _aFARELO
650 _aOLEO
650 _aSUBPRODUTO
650 _aESTATISTICA COMERCIAL
909 _a202312
_bLúcia Elande
_c55
_dLúcia Elande
942 _2AGRIS
_n0
_cMS
999 _c278607
_d278607